000 00573nam a2200205Ia 4500
999 _c21353
_d21353
001 21034
003 PK-LaUMT
005 20221004142409.0
008 140408s9999 xx 000 0 und d
020 _a0-8213-2964-2
040 _cPK-LaUMT
082 _aW 658.159209667
_bARY-S
100 _aAmoah Baah-Nuakoh
245 _aSupply and demand for finance of small enterprises in Ghana
_cAmoah Baah-Nuakoh<>Ernest Aryeetey
260 _aWashington,USA:
_bWorld Bank,
_c1994
300 _a112 p.
546 _aEN
700 _aErnest Aryeetey
942 _cWEEDED OUT
_2ddc